000 00420nam a22001337a 4500
999 _c18611
_d18611
008 231214b ||||| |||| 00| 0 eng d
020 _a9780593640173
082 _22023
_aDFic
_bB434
100 _aBenedict, Marie.
_950465
245 _aThe first ladies /
_cMarie Benedict and Victoria Christopher Murray.
260 _aNew York :
_bBerkley,
_c©2023.
300 _a389 pages :
_billustrations ;
_c23 cm.
942 _2ddc
_cDFIC